000 00433nam a2200193Ia 4500
005 20240823051241.0
008 240823s9999||||xx |||||||||||||| ||und||
020 _a978-81-264-4168-6
041 _aMALAYALAM
082 _A100 Q3
100 _aMaitreyan
245 0 _aManushyarariyan
250 _a1st
260 _c2013
_b"D C Books,Kot"
500 _aYES
650 _aPhilosophy
_bGeneral
942 _cBK
999 _c219148
_d219148